| 000 | 00694nam a22002177a 4500 | ||
|---|---|---|---|
| 005 | 20170124110209.0 | ||
| 010 | _aA-550277 | ||
| 020 | _c250.00 | ||
| 035 | _aA-550277 | ||
| 037 | _bCen Lib/Ret | ||
| 040 |
_aDPL _bEN |
||
| 082 |
_a333.783 _bMAN |
||
| 245 |
_aManagement national parks and sanctuaries in India : _cby Ashish Kothari...[et al.] _ba status report / |
||
| 260 |
_aNew Delhi _bIndian Institute of Public Administration _c1989 |
||
| 270 |
_bNew Delhi _aInderprasatha Estate _e110002 |
||
| 300 |
_axii, 298p. _c23cm(Hb) _eMap |
||
| 650 |
_aEconomics _991991 |
||
| 650 |
_aEcology _9155 |
||
| 700 |
_aKothari, Ashish _991992 |
||
| 942 |
_2ddc _cEN _h333.783 _mMAN |
||
| 999 |
_c133440 _d133440 |
||